000 01110nam a2200289 i 4500
001 175653
003 ES-MaACL
005 20250822035251.0
007 t|
008 101115s1969 sp r ||||1| spa d
080 _a159.964.2
080 _a316.6
100 1 _aFreud, Sigmund,
_d1856-1939
_952547
245 1 0 _aPsicología de las masas ; Más allá del principio del placer ; El porvenir de una ilusión /
_cSigmund Freud ; [traductor: Luis López-Ballesteros y de Torres].
260 _aMadrid :
_bAlianza,
_cD. L. 1969.
300 _a204 p. ;
_c18 cm.
490 1 _aEl libro de bolsillo. Humanidades ;
_v193
594 _aTít. original: Massenpsychologie und Ichanalyse ; Jenseits des Lustprinzips ; Die Zukunft einer Illusion.
650 0 7 _aPsicología social
_2embne
_916573
650 0 4 _aPsicoanálisis.
_916530
700 0 _aLópez-Ballesteros y de Torres, Luis.
_973432
740 0 2 _aMás allá del principio del placer.
740 3 2 _aEl porvenir de una ilusión.
830 0 3 _aEl libro de bolsillo.
_pHumanidades
_v193
_9178672
852 _aES-MaACL
_jE-13528
999 _c175653
_d175653